000 00550nam a2200169 i 4500
001 149424
003 ES-MaACL
005 20230906203110.0
007 t|
008 071022s1921 gw ||||1| ger d
110 2 _aSpartakus.
_96884
245 1 4 _aDer Jud' ist schuld!
_b: ein ernstes Wort an alle Kleinbauern, Hèausler und Landarbeiter! /
_cbon Spartakus.
260 _aLeipzig ;
_aBerlin :
_bFranke,
_c[1921?]
300 _a10 p. :
_bil. ;
_c22 cm.
651 4 _aAlemania-
_xHistoria-
_y1918, Revolución.
_97662
852 _aES-MaACL
_j1611-F-12
999 _c149424
_d149424